| 000 | 01459 a2200385 4500 | ||
|---|---|---|---|
| 020 | _a0387950001 | ||
| 020 | _a9780387950006 | ||
| 082 | 0 | 4 | _a512 |
| 090 |
_c121 _d121 |
||
| 100 | 1 | _aOlver, Peter J. | |
| 245 | 1 | 0 |
_aApplications of lie groups to differential equations / _cPeter J. Olver. |
| 250 | _a2nd ed. | ||
| 260 |
_a[S.l.] : _bSpringer, _c2000. |
||
| 300 |
_a513 p. ; _c24 cm. |
||
| 500 | _aPaperback. | ||
| 650 | 4 | _aScience/Mathematics. | |
| 650 | 4 | _aLie Groups. | |
| 650 | 4 | _aDifferential calculus & equations. | |
| 650 | 4 | _aGroups & group theory. | |
| 650 | 4 | _aMathematics. | |
| 650 | 4 | _aAlgebra - Linear. | |
| 650 | 4 | _aDifferential Equations. | |
| 650 | 4 | _aGroup Theory. | |
| 650 | 4 | _aMathematics / Applied. | |
| 650 | 4 | _aMathematics / Differential Equations. | |
| 650 | 4 | _aMathematics / Group Theory. | |
| 650 | 4 | _aMathematics / Linear Programming. | |
| 650 | 4 | _aMathematics / Mathematical Analysis. | |
| 650 | 4 | _aMathematics : Algebra - Linear. | |
| 650 | 4 | _aMathematics : Group Theory. | |
| 942 |
_aSNS _cBK _k515.35 OLV |
||
| 999 |
_c28760 _d28760 |
||